Open Data Biblioteca Nacional de Portugal


República Portuguesa: Ministério da Cultura
Biblioteca Nacional de Portugal

Catálogo da BNP: acesso por Identificadores Unívocos
Registos Bibliográficos associados ao registo de autoridade

Etiqueta de registo: 00000nkm 2200025 450
001 2274148
003 http://id.bnportugal.gov.pt/bib/catbnp/2274148
100 ## $a20260302f1985 m y0pory01030103ba
101 0# $apor
102 ## $aPT
200 1# $aTeatro Maizum apresenta, Tutankamon e a sua Rainha, de Adolfo Gutkin$bVisual gráfico]$fTeatro Maizum$gMargarida Dias Coelho
210 #9 $a[Lisboa]$cTeatro Maizum,$d[1985]
215 ## $a1 cartaz$cp&b.$d64,5x46 cm ou menor
306 ## $aDatação atribuída em conformidade com a data do evento anunciado
307 ## $aOutras dimensões: 42 x 29,6 cm (CT. 15953 V.)
317 ## $aColeção Madeira Luís
702 #1 $aCoelho,$bMargarida Dias$4410$31988220
710 02 $aTeatro Maizum$396932
801 #0 $aPT$bBN$gRPC
966 ## $lBN$mICONOG$sCT. 15953 V.$x3
966 ## $lBN$mICONOG$sCT. 23054 A.$x3
971 ## $cCatmusica8$d20260302
972 ## $d20260318$e1$vfpinelo$z0
995 ## $aPRR2026

Etiqueta de registo: 00000nkm 2200025 450
001 2282384
003 http://id.bnportugal.gov.pt/bib/catbnp/2282384
100 ## $a20260320f1984 m y0pory01030103ba
101 0# $apor
102 ## $aPT
200 1# $aTeatro Maizum apresenta "preparadise, sorry, now" o paraíso não está à vista, de Rainer W. Fassbinder, encenação: Rogerio de Carvalho$bVisual gráfico]$fTeatro Maizum$gMargarida Dias Coelho
210 #9 $a[S.l.]$cTeatro Maizum,$d[1984?]
215 ## $a1 cartaz$ccolor.$d65,2x47,2 cm
306 ## $aDatação atribuída em conformidade com o evento anunciado
317 ## $aColeção Madeira Luís
702 #1 $aCoelho,$bMargarida Dias$31988220
710 02 $aTeatro Maizum$396932
801 #0 $aPT$bBN$gRPC
966 ## $lBN$mICONOG$sCT. 25454 A.$x3
971 ## $cCaticonografia2$d20260320
995 ## $aPRR2026

OpendataBNP@bnportugal.pt | Mais informação sobre acesso aos dados BNP